Maʻānī al-shiʻr, (Record no. 48874)
[ view plain ]
| 000 -LEADER | |
|---|---|
| fixed length control field | 00698cam a22002171 4500 |
| 001 - CONTROL NUMBER | |
| control field | ne 66000872 |
| 003 - CONTROL NUMBER IDENTIFIER | |
| control field | DLC |
| 005 - DATE AND TIME OF LATEST TRANSACTION | |
| control field | 20260227111823.0 |
| 008 - FIXED-LENGTH DATA ELEMENTS--GENERAL INFORMATION | |
| fixed length control field | 800514s1964 le 000 0 arar |
| 010 ## - LIBRARY OF CONGRESS CONTROL NUMBER | |
| LC control number | ne 66000872 |
| 035 ## - SYSTEM CONTROL NUMBER | |
| System control number | (OCoLC)6316802 |
| 040 ## - CATALOGING SOURCE | |
| Original cataloging agency | DLC |
| Transcribing agency | MnM |
| Modifying agency | DLC |
| 042 ## - AUTHENTICATION CODE | |
| Authentication code | premarc |
| 050 00 - LIBRARY OF CONGRESS CALL NUMBER | |
| Classification number | PJ7541 |
| Item number | .U8 1964 |
| 100 1# - MAIN ENTRY--PERSONAL NAME | |
| Personal name | Ushnāndānī, Saʻīd ibn Hārūn, |
| Dates associated with a name | -869 or 870. |
| 245 10 - TITLE STATEMENT | |
| Title | Maʻānī al-shiʻr, |
| Statement of responsibility, etc. | by Saʻīd ibn Hārūn al-Ushnāndānī; ed. by Ṣalāḥ al-Dīn al-Munajjid. |
| 260 ## - PUBLICATION, DISTRIBUTION, ETC. | |
| Place of publication, distribution, etc. | Beirut, |
| Name of publisher, distributor, etc. | Dār al-Kitāb al-Jadīd, |
| Date of publication, distribution, etc. | 1964. |
| 300 ## - PHYSICAL DESCRIPTION | |
| Extent | 152 p. |
| Dimensions | 24 cm. |
| 650 #0 - SUBJECT ADDED ENTRY--TOPICAL TERM | |
| Topical term or geographic name entry element | Arabic poetry |
| General subdivision | History and criticism. |
| 700 1# - ADDED ENTRY--PERSONAL NAME | |
| Personal name | Munajjid, Ṣalāḥ al-Dīn. |
No items available.